On the economy of machinery and manufactures / (Record no. 164832)

MARC details
000 -LEADER
fixed length control field 00776cam a2200265 a 4500
008 - FIXED-LENGTH DATA ELEMENTS--GENERAL INFORMATION
fixed length control field
020 ## - INTERNATIONAL STANDARD BOOK NUMBER
International Standard Book Number 0415092531 (hbk.)
049 ## - LOCAL HOLDINGS (OCLC)
Holding library MAIN
090 0# - LOCALLY ASSIGNED LC-TYPE CALL NUMBER (OCLC); LOCAL CALL NUMBER (RLIN)
Classification number (OCLC) (R) ; Classification number, CALL (RLIN) (NR) T59.4
Local cutter number (OCLC) ; Book number/undivided call number, CALL (RLIN) BAG
003 - CONTROL NUMBER IDENTIFIER
control field
005 - DATE AND TIME OF LATEST TRANSACTION
control field 20230123134356.0
040 ## - CATALOGING SOURCE
Transcribing agency NUST
100 1# - MAIN ENTRY--PERSONAL NAME
Personal name Babbage, Charles.
245 10 - TITLE STATEMENT
Title On the economy of machinery and manufactures /
Statement of responsibility, etc. Charles Babbage.
260 ## - PUBLICATION, DISTRIBUTION, ETC.
Place of publication, distribution, etc. London :
Name of publisher, distributor, etc. Routledge/Thoemmes Press,
Date of publication, distribution, etc. 1993.
300 ## - PHYSICAL DESCRIPTION
Extent xxiv, 408 p. :
Other physical details ill. ;
Dimensions 23 cm.
440 #0 - SERIES STATEMENT/ADDED ENTRY--TITLE
Title Classics in management
440 #4 - SERIES STATEMENT/ADDED ENTRY--TITLE
Title The development of management science
440 #0 - SERIES STATEMENT/ADDED ENTRY--TITLE
Title Thoemmes reprints
500 ## - GENERAL NOTE
General note Includes index.
650 #0 - SUBJECT ADDED ENTRY--TOPICAL TERM
Topical term or geographic name entry element Machinery.
650 #0 - SUBJECT ADDED ENTRY--TOPICAL TERM
Topical term or geographic name entry element Manufactures.
907 ## - LOCAL DATA ELEMENT G, LDG (RLIN)
a .b1023150x
b 26-04-12
c 14-02-07
942 ## - ADDED ENTRY ELEMENTS (KOHA)
Koha item type Ordinary Loan Books
Call number prefix T59.4
Call number suffix BAG
Holdings
Date last seen Total Checkouts Full call number Barcode Cost, replacement price Price effective from Koha item type Lost status Source of classification or shelving scheme Damaged status Not for loan Collection Withdrawn status Home library Current library Shelving location Date acquired Cost, normal purchase price
01/23/2023   T59.4 BAB 92003015941 80.00 01/23/2023 BOOKS   LCC   1 NFIC   MAIN MAIN GEN 01/23/2023 80.00